[Event "Druga liga Srbije grupa Vojvodina 2011"]
[Site "Vrbas"]
[Date "2011.09.28"]
[Round "6.1"]
[White "Indjic, Dusan"]
[Black "Sertic, Rudolf"]
[Result "1-0"]
[WhiteElo "2283"]
[BlackElo "2430"]
[PlyCount "85"]
[EventDate "2011.09.25"]

1. d4 Nf6 2. Nf3 e6 3. g3 d5 4. Bg2 Be7 5. O-O O-O 6. c4 c6 7. b3 b6 8. Bb2
Nbd7 9. Nbd2 Bb7 10. Rc1 Rc8 11. Ne5 Nxe5 12. dxe5 Ne8 13. cxd5 exd5 14. e3 Ba6
15. Re1 Qd7 16. Qh5 Nc7 17. Bh3 Ne6 18. f4 Bd3 19. Qd1 Bb4 20. a3 Bxd2 21. Qxd2
Be4 22. b4 c5 23. Bg2 Qb7 24. Red1 Rfd8 25. Qe2 a5 26. bxa5 bxa5 27. Bxe4 dxe4
28. Rd6 Qb3 29. Rc3 Qa2 30. Rc2 c4 31. Kg2 Qb3 32. f5 Rxd6 33. exd6 Nf8 34. Bc3
Rc5 35. Bd4 Rxf5 36. Qxc4 Qxa3 37. Qc8 Qa4 38. Qxf8+ Kxf8 39. Rc8+ Qe8 40. d7
Qd8 41. Rxd8+ Ke7 42. Rg8 Kxd7 43. g4 1-0

[Event "Druga liga Srbije grupa Vojvodina 2011"]
[Site "Vrbas"]
[Date "2011.09.28"]
[Round "6.1"]
[White "Mastrapovic, Vladimir"]
[Black "Kovacevic, Dragan"]
[Result "0-1"]
[WhiteElo "2260"]
[BlackElo "2236"]
[PlyCount "76"]
[EventDate "2011.09.25"]

1. e4 d6 2. d4 Nf6 3. Nc3 g6 4. Be3 Bg7 5. Qd2 c6 6. Nf3 b5 7. Bd3 a6 8. Bh6
O-O 9. Bxg7 Kxg7 10. e5 Nd5 11. Nxd5 cxd5 12. h4 h5 13. Qf4 Nc6 14. c3 Bg4 15.
exd6 Bxf3 16. Qxf3 Qxd6 17. O-O b4 18. Rad1 bxc3 19. bxc3 e6 20. Qe3 Rfc8 21.
c4 dxc4 22. Bxc4 Ne7 23. Qe2 a5 24. Rfe1 Ra7 25. g3 a4 26. Qd3 Rac7 27. Bb5 Nd5
28. Rd2 Rc3 29. Qe4 Rc1 30. Bf1 R8c3 31. Rxc1 Rxc1 32. Kg2 Qc6 33. f3 Qc3 34.
Rf2 Re1 35. Re2 Rd1 36. Qe5+ Kh7 37. Kf2 Rxd4 38. Bh3 Qc5 0-1

[Event "Druga liga Srbije grupa Vojvodina 2011"]
[Site "Vrbas"]
[Date "2011.09.28"]
[Round "6.1"]
[White "Skoko, Milan"]
[Black "Marcak, Dejan"]
[Result "1-0"]
[WhiteElo "2218"]
[BlackElo "2154"]
[PlyCount "81"]
[EventDate "2011.09.25"]

1. e4 c5 2. c3 Nf6 3. e5 Nd5 4. d4 cxd4 5. Nf3 e6 6. cxd4 d6 7. a3 Nc6 8. Bd3
Be7 9. O-O dxe5 10. dxe5 Qc7 11. Qe2 O-O 12. Bd2 Rd8 13. Nc3 Nxc3 14. Bxc3 Bd7
15. Rfe1 Be8 16. h4 g6 17. h5 Rac8 18. hxg6 hxg6 19. Nh2 Nd4 20. Qe3 Bc5 21.
Qh3 Qe7 22. Ng4 Qg5 23. Rad1 Nf5 24. Nf6+ Kg7 25. Qh7+ Kf8 26. Ne4 Qh6 27.
Qxh6+ Nxh6 28. Nxc5 Rxc5 29. Bb4 b6 30. f3 Kg7 31. Bxc5 bxc5 32. Bc4 Rb8 33.
Rd2 Ba4 34. Rc1 Rc8 35. Bd3 f5 36. exf6+ Kxf6 37. Be4 Nf7 38. Rd3 Rb8 39. Rxc5
Rxb2 40. Ra5 Be8 41. Rxa7 1-0

[Event "Druga liga Srbije grupa Vojvodina 2011"]
[Site "Vrbas"]
[Date "2011.09.28"]
[Round "6.2"]
[White "Pletl, Akos"]
[Black "Cerovic, Danilo"]
[Result "1/2-1/2"]
[WhiteElo "2251"]
[BlackElo "2305"]
[PlyCount "26"]
[EventDate "2011.09.25"]

1. d4 Nf6 2. c4 g6 3. Nc3 d5 4. cxd5 Nxd5 5. e4 Nxc3 6. bxc3 Bg7 7. Bc4 c5 8.
Ne2 O-O 9. O-O Nc6 10. Be3 Na5 11. Bd3 b6 12. Qd2 cxd4 13. cxd4 Bb7 1/2-1/2

[Event "Druga liga Srbije grupa Vojvodina 2011"]
[Site "Vrbas"]
[Date "2011.09.28"]
[Round "6.2"]
[White "Lovre, Rajko"]
[Black "Subotic, Srbislav"]
[Result "1/2-1/2"]
[WhiteElo "2221"]
[BlackElo "2177"]
[PlyCount "21"]
[EventDate "2011.09.25"]

1. Nf3 Nf6 2. d4 c5 3. c3 e6 4. g3 Nc6 5. Bg2 cxd4 6. Nxd4 d5 7. O-O e5 8. Nb3
Be6 9. Bg5 Be7 10. N1d2 O-O 11. e4 1/2-1/2

[Event "Druga liga Srbije grupa Vojvodina 2011"]
[Site "Vrbas"]
[Date "2011.09.28"]
[Round "6.2"]
[White "Zobenica, Ivan"]
[Black "Medar, Zeljko"]
[Result "0-1"]
[WhiteElo "2034"]
[BlackElo "2219"]
[PlyCount "112"]
[EventDate "2011.09.25"]

1. e4 c5 2. b3 e6 3. Bb2 Nf6 4. e5 Nd5 5. Nf3 Be7 6. Nc3 Nxc3 7. Bxc3 O-O 8.
Bd3 d5 9. exd6 Qxd6 10. Ne5 f5 11. f4 Bh4+ 12. g3 Bf6 13. Rg1 Nc6 14. Qe2 Nd4
15. Qe3 Bxe5 16. fxe5 Qd5 17. O-O-O b5 18. g4 Bd7 19. gxf5 exf5 20. e6 Qxe6 21.
Bxd4 cxd4 22. Qxd4 Qf6 23. Qxf6 Rxf6 24. Rdf1 Re8 25. Rf4 h6 26. h4 g6 27. Kb2
Kf7 28. Kc3 Rd6 29. Rgf1 Kf6 30. a4 a6 31. axb5 axb5 32. h5 g5 33. Rxf5+ Bxf5
34. Rxf5+ Ke6 35. Rxb5 Rc8+ 36. Bc4+ Kf6 37. d4 Rcd8 38. d5 g4 39. Kd4 Kg5 40.
Be2 Kxh5 41. c4 Kg5 42. Rb7 g3 43. Bf3 Rf6 44. Bg2 Rf2 45. Rg7+ Kh4 46. Be4 Re8
47. d6 Rf4 48. Re7 g2 49. Ke5 Rxe7+ 50. dxe7 Rxe4+ 51. Kxe4 g1=Q 52. Ke5 Kg5
53. Ke6 Qg4+ 54. Kd6 Qc8 55. c5 Kf6 56. c6 Qe6+ 0-1

[Event "Druga liga Srbije grupa Vojvodina 2011"]
[Site "Vrbas"]
[Date "2011.09.28"]
[Round "6.2"]
[White "Matijevic, Radovan"]
[Black "Gavric, Zivojin"]
[Result "0-1"]
[WhiteElo "2170"]
[BlackElo "2099"]
[PlyCount "100"]
[EventDate "2011.09.25"]

1. c3 d5 2. d4 c6 3. Bg5 Bf5 4. e3 Nd7 5. Bd3 Bxd3 6. Qxd3 Ngf6 7. Bxf6 Nxf6 8.
Nd2 e6 9. Ne2 Bd6 10. f4 g6 11. O-O O-O 12. Nf3 c5 13. Ne5 Ne4 14. Ng3 Nxg3 15.
hxg3 f5 16. g4 Bxe5 17. fxe5 fxg4 18. Rxf8+ Qxf8 19. Rf1 Qh6 20. e4 dxe4 21.
Qxe4 g3 22. Rf6 Rf8 23. Rxf8+ Qxf8 24. Qe3 cxd4 25. Qxg3 Qc5 26. Kh2 dxc3 27.
bxc3 Kg7 28. Qf4 Qf8 29. Qc4 Qf7 30. Kg1 h5 31. Qc5 b6 32. Qd6 Kh6 33. Qd8 g5
34. Qd6 h4 35. Qd8 Kg6 36. Qh8 Kf5 37. a4 Kg6 38. Qd8 Qg7 39. Qd3+ Kh5 40. Qd6
Qf7 41. Qd8 Qf5 42. Qh8+ Kg4 43. Qf6 Kf4 44. Kh2 Ke4 45. Kg1 Qg4 46. Kf2 Kd3
47. Qg7 Qg3+ 48. Kf1 Kxc3 49. Qxa7 Kd2 50. Qd7+ Qd3+ 0-1

[Event "Druga liga Srbije grupa Vojvodina 2011"]
[Site "Vrbas"]
[Date "2011.09.28"]
[Round "6.3"]
[White "Luketa, Milan"]
[Black "Roganovic, Milos"]
[Result "0-1"]
[WhiteElo "2121"]
[BlackElo "2480"]
[PlyCount "50"]
[EventDate "2011.09.25"]

1. e4 c5 2. Nf3 Nc6 3. d4 cxd4 4. Nxd4 g6 5. c3 Bg7 6. Be3 Nf6 7. f3 O-O 8. Qd2
d5 9. exd5 Nxd5 10. Nxc6 bxc6 11. Bf2 Qd6 12. Bc4 Qe5+ 13. Qe2 Qxe2+ 14. Bxe2
Nf4 15. Bg3 Nxe2 16. Kxe2 Ba6+ 17. Kf2 Rfd8 18. Bf4 e5 19. Be3 f5 20. g3 Rab8
21. b3 Rd3 22. Na3 Rbd8 23. Rac1 e4 24. f4 Bxc3 25. Rc2 Rxe3 0-1

[Event "Druga liga Srbije grupa Vojvodina 2011"]
[Site "Vrbas"]
[Date "2011.09.28"]
[Round "6.3"]
[White "Sipos, Istvan"]
[Black "Kracunov, Bozidar"]
[Result "1-0"]
[WhiteElo "2452"]
[BlackElo "2078"]
[PlyCount "119"]
[EventDate "2011.09.25"]

1. c4 c6 2. d4 d5 3. Nc3 Nf6 4. Nf3 e6 5. Bg5 Bb4 6. e3 Nbd7 7. cxd5 exd5 8.
Bd3 Bd6 9. Qc2 h6 10. Bh4 O-O 11. O-O Re8 12. Rab1 Qc7 13. Rfc1 Qb8 14. Re1 Ng4
15. Bg3 Bxg3 16. hxg3 Ndf6 17. b4 a6 18. a4 Qd6 19. b5 axb5 20. axb5 Bd7 21.
Nh4 h5 22. Rb3 c5 23. dxc5 Qxc5 24. Nf3 Ne5 25. Nxe5 Rxe5 26. Ne2 Qxc2 27. Bxc2
Ng4 28. Nd4 g6 29. Rc3 Rc8 30. Rxc8+ Bxc8 31. Bb3 Nf6 32. Rc1 Re8 33. Rc7 Rd8
34. b6 Ne8 35. Rc5 Be6 36. f3 Kf8 37. Ba4 Nd6 38. Rc7 Bc8 39. Bb5 Bf5 40. Rc5
Be6 41. Rc7 Bf5 42. Kf2 Bb1 43. Ba4 Bd3 44. Nb3 Bc4 45. Nc5 Rc8 46. Nxb7 Rxc7
47. Nxd6 Re7 48. b7 Rxb7 49. Nxb7 Ke7 50. Na5 Ba2 51. Bb3 Bb1 52. Bxd5 g5 53.
e4 f6 54. Nc6+ Kd6 55. Nd4 Ke5 56. Ke3 h4 57. gxh4 gxh4 58. f4+ Kd6 59. Nb5+
Kc5 60. Na3 1-0

[Event "Druga liga Srbije grupa Vojvodina 2011"]
[Site "Vrbas"]
[Date "2011.09.28"]
[Round "6.3"]
[White "Strangar, Zlatko"]
[Black "Farkas, Miso"]
[Result "1-0"]
[WhiteElo "2203"]
[BlackElo "2132"]
[PlyCount "49"]
[EventDate "2011.09.25"]

1. e4 c6 2. d4 b5 3. Nf3 g6 4. Bd3 Bg7 5. O-O Nf6 6. a4 b4 7. e5 Nd5 8. c4 bxc3
9. Nxc3 Nb4 10. Bb1 a5 11. Re1 O-O 12. Qd2 d6 13. Qg5 dxe5 14. dxe5 Qc7 15. Qh4
Nd7 16. Bf4 e6 17. Ra3 Nd5 18. Nxd5 cxd5 19. Ng5 h6 20. Nf3 Kh7 21. Bxh6 Bxh6
22. Ng5+ Kg7 23. Rh3 Nxe5 24. Qxh6+ Kf6 25. Nh7+ 1-0

[Event "Druga liga Srbije grupa Vojvodina 2011"]
[Site "Vrbas"]
[Date "2011.09.28"]
[Round "6.3"]
[White "Tomin, Nenad"]
[Black "Ivanovic, Miroslav"]
[Result "1-0"]
[WhiteElo "1820"]
[BlackElo "2177"]
[PlyCount "73"]
[EventDate "2011.09.25"]

1. e4 e6 2. d4 d5 3. Nc3 Bb4 4. e5 c5 5. a3 Bxc3+ 6. bxc3 Ne7 7. f4 Qc7 8. Bd2
Nbc6 9. Nh3 Bd7 10. Bd3 Na5 11. O-O Nc4 12. Bxc4 dxc4 13. Ng5 h6 14. Ne4 Bc6
15. Nd6+ Kf8 16. f5 Nxf5 17. Nxf5 exf5 18. Rxf5 Qd7 19. e6 Qxe6 20. Re5 Qd6 21.
Rxc5 Re8 22. Qf1 Re4 23. Rf5 Rg4 24. Rxf7+ Kg8 25. Rf2 Kh7 26. Bf4 Qd5 27. Re1
Rf8 28. Bg3 Re8 29. Rxe8 Bxe8 30. Rf5 Qd7 31. Rf8 Qe7 32. Be5 Bg6 33. Rc8 Be4
34. g3 Qxa3 35. Rxc4 Rg6 36. Rc7 Bc6 37. Qd3 1-0

[Event "Druga liga Srbije grupa Vojvodina 2011"]
[Site "Vrbas"]
[Date "2011.09.28"]
[Round "6.3"]
[White "Roganovic, Nebojsa"]
[Black "Erski, Dragan"]
[Result "1/2-1/2"]
[WhiteElo "2194"]
[BlackElo "2167"]
[PlyCount "76"]
[EventDate "2011.09.25"]

1. e4 c5 2. Nf3 d6 3. Bb5+ Bd7 4. Bxd7+ Qxd7 5. c4 Nc6 6. d4 cxd4 7. Nxd4 Nf6
8. Nc3 g6 9. f3 Bg7 10. Be3 Rc8 11. b3 O-O 12. O-O a6 13. Rc1 Qd8 14. Qd2 Qa5
15. Rfd1 Rfe8 16. Nxc6 Rxc6 17. Nd5 Qxd2 18. Bxd2 Nxd5 19. cxd5 Rcc8 20. Kf2
Bb2 21. Rxc8 Rxc8 22. Ke2 Kf8 23. Kd3 Ke8 24. g4 Kd7 25. Rb1 Bg7 26. Rc1 Rxc1
27. Bxc1 b5 28. Be3 e6 29. f4 exd5 30. exd5 f5 31. gxf5 gxf5 32. Ke2 Bf6 33.
Kf3 Ke7 34. Kg3 Kf7 35. Bb6 Ke7 36. Kh3 Kf7 37. Bf2 Bd8 38. Be1 Bf6 1/2-1/2

[Event "Druga liga Srbije grupa Vojvodina 2011"]
[Site "Vrbas"]
[Date "2011.09.28"]
[Round "6.4"]
[White "Miranovic, Rajko"]
[Black "Milovic, Nikola"]
[Result "1-0"]
[WhiteElo "2376"]
[BlackElo "1967"]
[PlyCount "85"]
[EventDate "2011.09.25"]

1. e4 e5 2. Nf3 Nc6 3. Bb5 a6 4. Ba4 Nf6 5. O-O Be7 6. Re1 b5 7. Bb3 d6 8. h3
O-O 9. c3 Nb8 10. d4 Nbd7 11. Nbd2 Bb7 12. Bc2 Re8 13. Nf1 g6 14. Bh6 Nh5 15.
Qd2 Bf6 16. N1h2 Bh8 17. Ng4 Bg7 18. Bxg7 Kxg7 19. Qh6+ Kg8 20. Ng5 Nhf6 21.
dxe5 Nxe5 22. Nxf6+ Qxf6 23. Qxh7+ Kf8 24. Qh4 Kg7 25. Qg3 Re7 26. f4 Nc4 27.
b3 Nb6 28. e5 dxe5 29. fxe5 Qc6 30. Kh2 Nd5 31. Be4 Rb8 32. Rac1 Qc5 33. c4 Nb6
34. Bxb7 Rxb7 35. cxb5 Qxb5 36. Qf3 Nd5 37. Rc4 c6 38. Rh4 Qa5 39. Qg3 Rb4 40.
Rf1 f5 41. exf6+ Nxf6 42. Qd6 Rxh4 43. Qxe7+ 1-0

[Event "Druga liga Srbije grupa Vojvodina 2011"]
[Site "Vrbas"]
[Date "2011.09.28"]
[Round "6.4"]
[White "Besedes, Danilo"]
[Black "Jovic, Stevan"]
[Result "0-1"]
[WhiteElo "1801"]
[BlackElo "2292"]
[PlyCount "44"]
[EventDate "2011.09.25"]

1. e4 c6 2. Nc3 d5 3. Nf3 Bg4 4. h3 Bh5 5. d4 e6 6. Be3 Qb6 7. Rb1 Bb4 8. exd5
cxd5 9. Be2 Nc6 10. a3 Bd6 11. O-O Rc8 12. Re1 Bb8 13. Ne5 Bxe2 14. Qxe2 Nxe5
15. dxe5 d4 16. Bxd4 Qxd4 17. Rbd1 Qb6 18. Qg4 g6 19. Nd5 Qc6 20. Nb4 Qc7 21.
Rd6 Ne7 22. Red1 Nf5 0-1

[Event "Druga liga Srbije grupa Vojvodina 2011"]
[Site "Vrbas"]
[Date "2011.09.28"]
[Round "6.4"]
[White "Bokan, Danko"]
[Black "Sukovic, Srdjan"]
[Result "1-0"]
[WhiteElo "2227"]
[BlackElo "1972"]
[PlyCount "97"]
[EventDate "2011.09.25"]

1. e4 e5 2. d4 exd4 3. Qxd4 Nc6 4. Qe3 Nf6 5. Nc3 Bb4 6. Bd2 O-O 7. O-O-O Re8
8. Qg3 Rxe4 9. a3 Bxc3 10. Bxc3 Re8 11. Nf3 d6 12. h4 Bf5 13. Bc4 Be6 14. Bd3
h6 15. Nd2 d5 16. Bxf6 Qxf6 17. Qxc7 Re7 18. Qg3 Rc8 19. Nf3 Rec7 20. Rhe1 b5
21. Kb1 b4 22. a4 Na5 23. Qe5 Qxe5 24. Nxe5 Nc4 25. Re2 Nxe5 26. Rxe5 a5 27. b3
Kf8 28. Rde1 Rc3 29. Kb2 d4 30. Rd1 R8c5 31. Rxc5 Rxc5 32. Be4 f5 33. Bf3 Bd5
34. Rxd4 Bxf3 35. gxf3 Ke7 36. f4 Kf6 37. Rd6+ Ke7 38. Rg6 Kf7 39. Ra6 Ke7 40.
h5 Kf7 41. Rb6 Ke7 42. Rb7+ Kf6 43. Rb5 Rxb5 44. axb5 Ke6 45. c4 bxc3+ 46. Kxc3
Kd5 47. b4 a4 48. Kb2 Kd6 49. Ka3 1-0

[Event "Druga liga Srbije grupa Vojvodina 2011"]
[Site "Vrbas"]
[Date "2011.09.28"]
[Round "6.5"]
[White "Rajic, Dobrivoje"]
[Black "Markovic, Milovan"]
[Result "0-1"]
[WhiteElo "2120"]
[BlackElo "2248"]
[PlyCount "80"]
[EventDate "2011.09.25"]

1. e4 c5 2. Nf3 Nc6 3. d4 cxd4 4. Nxd4 a6 5. g3 Nf6 6. Bg2 Qc7 7. O-O e6 8.
Nxc6 bxc6 9. c4 Rb8 10. Nc3 e5 11. b3 Be7 12. Be3 d6 13. Na4 c5 14. Nc3 Be6 15.
Qd3 Qc8 16. Rfe1 h5 17. h4 Nd7 18. Nd5 Bd8 19. f4 exf4 20. Nxf4 Be7 21. Nd5
Bxd5 22. Qxd5 Ne5 23. Bf4 O-O 24. Rad1 Bf6 25. Bxe5 Bxe5 26. Rd3 a5 27. Kh2 a4
28. Bh3 Qa6 29. Ree3 axb3 30. axb3 Qa2+ 31. Bg2 g6 32. Rf3 Kg7 33. Qc6 Qa7 34.
Qd5 Rb7 35. Rd1 Rfb8 36. Rdf1 f6 37. Qe6 Rf8 38. Kh3 Qa2 39. g4 hxg4+ 40. Kxg4
Qxg2+ 0-1

[Event "Druga liga Srbije grupa Vojvodina 2011"]
[Site "Vrbas"]
[Date "2011.09.28"]
[Round "6.5"]
[White "Pezelj, Novak"]
[Black "Nadj, Vladimir"]
[Result "1/2-1/2"]
[WhiteElo "2373"]
[BlackElo "2156"]
[PlyCount "32"]
[EventDate "2011.09.25"]

1. c4 Nf6 2. Nf3 g6 3. g3 Bg7 4. Bg2 O-O 5. O-O d6 6. d4 Nbd7 7. Nc3 e5 8. Qc2
c6 9. Rd1 Qc7 10. b3 Re8 11. Ba3 Bf8 12. Bb2 Bg7 13. Rac1 e4 14. Ne1 e3 15. f3
Nf8 16. Ne4 Bf5 1/2-1/2

[Event "Druga liga Srbije grupa Vojvodina 2011"]
[Site "Vrbas"]
[Date "2011.09.28"]
[Round "6.5"]
[White "Zolotic, Zoran"]
[Black "Pezelj, Sinisa"]
[Result "0-1"]
[WhiteElo "2238"]
[BlackElo "2146"]
[PlyCount "78"]
[EventDate "2011.09.25"]

1. Nf3 c6 2. c4 d6 3. d4 g6 4. b3 Bg7 5. Bb2 Nf6 6. g3 O-O 7. Bg2 Ne4 8. O-O f5
9. Qc2 d5 10. Nbd2 Qb6 11. Rad1 Nxd2 12. Rxd2 e6 13. Ba3 Re8 14. Bd6 Nd7 15. c5
Qd8 16. b4 e5 17. dxe5 Nxe5 18. Nxe5 Bxe5 19. Bxe5 Rxe5 20. e3 a6 21. Rfd1 Qe7
22. Qc3 Bd7 23. a4 g5 24. Rd4 Re6 25. h4 f4 26. exf4 gxh4 27. g4 Rg6 28. Re1
Qg7 29. f3 Rf8 30. Qd2 h3 31. Bxh3 h5 32. Re2 hxg4 33. Bxg4 Bxg4 34. fxg4 Rxg4+
35. Rg2 Kf7 36. Rxg4 Qxg4+ 37. Qg2 Qh4 38. Qf3 Rg8+ 39. Kf1 Qh2 0-1

[Event "Druga liga Srbije grupa Vojvodina 2011"]
[Site "Vrbas"]
[Date "2011.09.28"]
[Round "6.6"]
[White "Galyas, Miklos"]
[Black "Ratkovic, Milovan"]
[Result "1-0"]
[WhiteElo "2458"]
[BlackElo "2177"]
[PlyCount "105"]
[EventDate "2011.09.25"]

1. d4 d5 2. c4 c6 3. Nf3 Nf6 4. e3 e6 5. b3 Nbd7 6. Bb2 Bd6 7. Nbd2 O-O 8. Bd3
Qe7 9. Ne5 Ba3 10. Bxa3 Qxa3 11. f4 dxc4 12. Ndxc4 Qb4+ 13. Qd2 Qxd2+ 14. Kxd2
c5 15. Nd6 cxd4 16. exd4 Nxe5 17. fxe5 Ne8 18. Nxe8 Rxe8 19. Be4 Rb8 20. Rac1
Rd8 21. Ke3 b6 22. Rc7 Rd7 23. Rhc1 Rxc7 24. Rxc7 a5 25. g4 g5 26. h3 h6 27. a4
Kf8 28. d5 exd5 29. Bxd5 Be6 30. Bxe6 fxe6 31. Rh7 Kg8 32. Rxh6 Re8 33. Rg6+
Kh7 34. Rxg5 Kh6 35. h4 Rd8 36. Ke4 b5 37. axb5 Rb8 38. Kd4 Rxb5 39. Rg8 Rxb3
40. g5+ Kh7 41. Ra8 Rb4+ 42. Kc5 Kg6 43. Kd6 Rxh4 44. Kxe6 a4 45. Kd7 Kxg5 46.
e6 Rd4+ 47. Ke8 Rh4 48. Ra5+ Kf6 49. e7 Re4 50. Ra6+ Kg7 51. Ra7 Re6 52. Kd8
Rd6+ 53. Rd7 1-0

[Event "Druga liga Srbije grupa Vojvodina 2011"]
[Site "Vrbas"]
[Date "2011.09.28"]
[Round "6.6"]
[White "Ratkovic, Miloje"]
[Black "Sekulic, Dusan"]
[Result "1/2-1/2"]
[WhiteElo "2135"]
[BlackElo "2302"]
[PlyCount "166"]
[EventDate "2011.09.25"]

1. d4 Nf6 2. Nf3 c5 3. d5 b5 4. a4 b4 5. c4 g6 6. b3 Bg7 7. Bb2 O-O 8. g3 d6 9.
Bg2 a5 10. O-O Ra7 11. Nbd2 e5 12. e4 Ng4 13. h3 Nh6 14. Ne1 f5 15. exf5 gxf5
16. Kh2 Qg5 17. Nd3 Qg6 18. Qe2 Nd7 19. Rae1 Nf6 20. Bxe5 Nfg4+ 21. hxg4 Nxg4+
22. Kg1 Qh6 23. Nf3 dxe5 24. Nxc5 Bf6 25. Qd2 Qh5 26. Nd3 e4 27. Nf4 Qh6 28.
Ne6 Bxe6 29. Qxh6 Nxh6 30. dxe6 exf3 31. Bxf3 Ng4 32. Bd5 Kg7 33. Rd1 Be7 34.
Rfe1 Bc5 35. Re2 Kf6 36. Kg2 Rg7 37. Bf3 Rc8 38. Rd5 Nh6 39. Ree5 Bd4 40. Re1
Bb6 41. e7 Rxe7 42. Rd6+ Kf7 43. Bd5+ Kf8 44. Rxe7 Kxe7 45. Rxb6 Ng4 46. Rb5
Kd6 47. Rxa5 Ne5 48. Ra6+ Kc5 49. a5 Kd4 50. Rb6 Rc5 51. a6 Ra5 52. Bb7 Ra2 53.
Rd6+ Kc3 54. c5 Ng4 55. c6 Nxf2 56. Kf1 Ne4 57. Rd1 Nxg3+ 58. Kg1 Ne2+ 59. Kg2
Nd4+ 60. Kh3 Nb5 61. Rd5 Nc7 62. Rd7 Nxa6 63. c7 Nxc7 64. Rxc7+ Kxb3 65. Bd5+
Kb2 66. Rb7 Ra3+ 67. Kh4 Kc3 68. Kg5 b3 69. Kxf5 b2 70. Kg4 Ra1 71. Be4 h5+ 72.
Kg5 h4 73. Rh7 Ra5+ 74. Kf6 Ra4 75. Bb1 Ra1 76. Rc7+ Kd4 77. Rd7+ Ke3 78. Rd1
h3 79. Kg5 Ra3 80. Rh1 Kd4 81. Kg4 Re3 82. Rh2 Kc3 83. Rxh3 Rxh3 1/2-1/2

[Event "Druga liga Srbije grupa Vojvodina 2011"]
[Site "Vrbas"]
[Date "2011.09.28"]
[Round "6.6"]
[White "Mijatovic, Dejan"]
[Black "Bucan, Vladimir"]
[Result "1/2-1/2"]
[WhiteElo "2276"]
[BlackElo "2104"]
[PlyCount "153"]
[EventDate "2011.09.25"]

1. d4 d5 2. c4 e6 3. Nc3 c6 4. e3 f5 5. h3 Nf6 6. g4 Bd6 7. gxf5 exf5 8. cxd5
cxd5 9. Qb3 Nc6 10. Bg2 Na5 11. Qb5+ Bd7 12. Qd3 Bb4 13. Nge2 O-O 14. O-O Bxc3
15. Nxc3 Be6 16. b3 Ne4 17. Ne2 g5 18. f3 Nd6 19. Bd2 Nc6 20. h4 h6 21. hxg5
hxg5 22. f4 g4 23. Be1 Rc8 24. Nc3 Ne4 25. Bxe4 fxe4 26. Qd2 Rc7 27. Kg2 Rh7
28. Bg3 Rf5 29. Rh1 Rfh5 30. Rxh5 Rxh5 31. Rh1 Rh3 32. Rxh3 gxh3+ 33. Kh2 Bg4
34. Be1 Be6 35. Qf2 Qf6 36. f5 Qxf5 37. Qxf5 Bxf5 38. Nxd5 Kf7 39. Nf4 Ne7 40.
d5 Ng6 41. Nxh3 Bxh3 42. Kxh3 Ne7 43. Kg4 Nxd5 44. Kf5 Nxe3+ 45. Kxe4 Ng4 46.
Kd5 Ke7 47. Bh4+ Kd7 48. Bg5 Nf2 49. Be3 Nd3 50. a3 a6 51. Ke4 Ne1 52. Bd2 Nc2
53. a4 Na1 54. b4 Nb3 55. Be3 Kc6 56. Kd3 b5 57. a5 Kd5 58. Bb6 Nc1+ 59. Kc2
Ne2 60. Kd3 Nf4+ 61. Kc3 Nh5 62. Bc7 Nf6 63. Kd3 Ne8 64. Bg3 Ng7 65. Be1 Ne6
66. Bd2 Nd8 67. Be1 Nc6 68. Bc3 Na7 69. Bd4 Nc6 70. Bc3 Ne7 71. Be1 Ng6 72. Bg3
Ne7 73. Be1 Nf5 74. Bc3 Ne7 75. Be1 Nc6 76. Kc3 Nxa5 77. bxa5 1/2-1/2

[Event "Druga liga Srbije grupa Vojvodina 2011"]
[Site "Vrbas"]
[Date "2011.09.28"]
[Round "6.6"]
[White "Petrovic, Lazar"]
[Black "Lalic, Dragan"]
[Result "0-1"]
[WhiteElo "2113"]
[BlackElo "2308"]
[PlyCount "48"]
[EventDate "2011.09.25"]

1. d4 d5 2. c4 c6 3. Nc3 dxc4 4. a4 e5 5. e3 exd4 6. exd4 Be6 7. Nf3 Nf6 8. Ne5
Bd6 9. Nxc4 Be7 10. Be2 O-O 11. O-O Na6 12. Bg5 Nb4 13. Qd2 a5 14. Rad1 h6 15.
Bf4 Nfd5 16. Bg3 Nb6 17. Ne3 Bb3 18. Ra1 Qd7 19. Bd1 Be6 20. Ne2 Bf6 21. Nc2 c5
22. Nxb4 axb4 23. Bc2 b3 24. Be4 Nc4 0-1